000 00219nam a22000857a 4500
008 160719b xxu||||| |||| 00| 0 eng d
100 _93063
_a Clearly, B
245 _aRibsy
260 _aNew York
_b William Morrow & Com.
_c1964
999 _c2626
_d2626